000 00569nam a2200229Ia 4500
003 OSt
005 20221005121949.0
006 a|||||r|||| 00| 0
007 ta
008 221004b |||||||| |||| 00| 0 kan d
024 _a62049
037 _cTextual
040 _aCRL
_cCRL
_bkan
041 _2kan
_akan
082 _aY:1.73, 33K6
100 _aShridevi Sripathi Au.
_9631307
245 0 _aIndian America
260 _c1966
650 _aSOCIOLOGY
942 _hY:1.73, 33K6
_cTEXL
_2cc
999 _c1042823
_d1042823